|
|
|
|
| LEADER |
01305nam a2200361 a 4500 |
| 001 |
000671951 |
| 003 |
CZ BrMZK |
| 005 |
20100614104743.0 |
| 007 |
ta |
| 008 |
030528s2003 xr a f 000 0 cze d |
| 015 |
|
|
|a cnb001249498
|
| 020 |
|
|
|a 80-86598-45-4
|q (brož.)
|
| 035 |
|
|
|a (OCoLC)52785980
|
| 040 |
|
|
|a BOA001
|b cze
|
| 043 |
|
|
|a e-xr---
|
| 072 |
|
7 |
|a 329
|x Politické strany a hnutí
|2 Konspekt
|9 15
|
| 080 |
|
|
|a 329.055.1
|2 MRF
|
| 080 |
|
|
|a 329.13
|2 MRF
|
| 080 |
|
|
|a (437.3)
|2 MRF
|
| 080 |
|
|
|a (048.8)
|2 MRF
|
| 100 |
1 |
|
|a Mareš, Miroslav,
|d 1974 duben 8.-
|7 mzk2002102762
|4 aut
|
| 245 |
1 |
0 |
|a Pravicový extremismus a radikalismus v ČR /
|c Miroslav Mareš
|
| 250 |
|
|
|a 1. vyd.
|
| 260 |
|
|
|a [Brno] :
|b Barrister & Principal :
|b Centrum strategických studií,
|c 2003
|
| 300 |
|
|
|a 655 s. :
|b il. ;
|c 23 cm
|
| 504 |
|
|
|a Obsahuje bibliografii a bibliografické odkazy
|
| 650 |
0 |
7 |
|a radikalismus
|7 ph124973
|z Česko
|2 czenas
|
| 650 |
0 |
7 |
|a pravicový extremismus
|7 ph115878
|z Česko
|2 czenas
|
| 655 |
|
7 |
|a studie
|7 fd133597
|2 czenas
|
| 910 |
|
|
|a BOA001
|b 2-1119.189
|
| 990 |
|
|
|a BK
|
| 996 |
6 |
|
|b 2610191105
|c 2-1119.189
|l MZK
|r HSS 4p
|n 1
|p kup
|h 329 MAR
|w 000671951
|u 000010
|a 0
|e BOA001
|j MZK50
|s P
|
| 996 |
7 |
|
|b 2610192520
|c 2-1119.189
|l Vol.výběr
|r VV 0p
|n 112
|p p.v.
|h 329 MAR
|w 000671951
|u 000020
|a 0
|e BOA001
|j MZK50
|s A
|